000 00665nam a2200241Ia 4500
003 OSt
005 20220912151545.0
006 a|||||r|||| 00| 0
007 ta
008 220909b |||||||| |||| 00| 0 eng d
024 _a62528
037 _cTextbook
040 _aCSL
_beng
_cCSL
041 _aeng
082 _aB281, M2;1 TB
100 _aSpiegel Murray R
245 0 _aSchaums outline of theory and problems of probability and statistics
260 _aNew York
_b McGraw-Hill
_c1982
300 _a372p.
_ccm.
650 _aMathematics
942 _hB281, M2;1 TB
_cTB
_2CC
999 _c71247
_d71247